| 000 | 00749nam a2200253 i 4500 | ||
|---|---|---|---|
| 001 | bg | ||
| 100 | 1 | _aTWAROWSKI, Mieczysław | |
| 245 | 1 | 0 |
_aSłońce w architekturze / _cMieczysław Twarowski. |
| 250 | _aWyd. 4. | ||
| 260 |
_aWarszawa : _b"Arkady", _c1996. |
||
| 300 |
_a296 s., [24] k. tabl. luz. : _bfot., mapy, pl., rys., wykr. ; _c27 cm. |
||
| 504 | _aBibliogr. s. 288-291. | ||
| 650 | 9 |
_aArchitektura _xprojekty |
|
| 650 | 9 | _aOświetlenie | |
| 650 | 9 | _aPromieniowanie słoneczne a architektura | |
| 655 | _aPodręczniki akademickie | ||
| 020 | _a8321337929 | ||
| 040 | _cBPK | ||
| 041 | 0 | _apl | |
| 080 | _a72.01:628.92](02.025.2)(075.8) | ||
| 920 | _a83-213-3792-9 | ||
| 942 | _cKS | ||
| 008 | s pl f |000 0 pol | ||
| 999 |
_c32441 _d32441 |
||
| 856 |
_uhttp://koha.tu.koszalin.pl/cgi-bin/koha/opac-detail.pl?biblionumber=32441 _yKatalog online BPK |
||